Elements of power system analysis (Record no. 3209)

000 -LEADER
fixed length control field 00596nam a2200217 a 4500
001 - CONTROL NUMBER
control field 3209
003 - CONTROL NUMBER IDENTIFIER
control field BD-DhUET
008 - FIXED-LENGTH DATA ELEMENTS--GENERAL INFORMATION
fixed length control field 810331s1982 nyua 001 0 eng
020 ## - INTERNATIONAL STANDARD BOOK NUMBER
International Standard Book Number 0070612781
020 ## - INTERNATIONAL STANDARD BOOK NUMBER
International Standard Book Number 007061279X
040 ## - CATALOGING SOURCE
Original cataloging agency DLC
Transcribing agency DLC
Modifying agency BD-DhUET
082 00 - DEWEY DECIMAL CLASSIFICATION NUMBER
Classification number 623.12
Item number STE/1982
100 1# - MAIN ENTRY--PERSONAL NAME
Personal name Stevenson, William D.
245 10 - TITLE STATEMENT
Title Elements of power system analysis
250 ## - EDITION STATEMENT
Edition statement 4th ed.
260 ## - PUBLICATION, DISTRIBUTION, ETC. (IMPRINT)
Place of publication, distribution, etc. New York
Name of publisher, distributor, etc. McGraw-Hill
Date of publication, distribution, etc. 1982
300 ## - PHYSICAL DESCRIPTION
Extent xii, 436 p.
Other physical details ill.
Dimensions 25 cm.
490 ## - SERIES STATEMENT
Series statement McGRAW-HILL series in electrical engineering
650 #0 - SUBJECT ADDED ENTRY--TOPICAL TERM
Topical term or geographic name as entry element Electric power system stability
942 ## - ADDED ENTRY ELEMENTS (KOHA)
Koha item type General Book
Holdings
Koha item type Sublocation or collection (holding branch) Koha renewals Copy number Location (home branch) Not for loan Koha date last borrowed Koha full call number Piece designation (barcode) Koha normalized classification for sorting Koha issues (times borrowed) Price effective from Date acquired Koha date last seen Lost status Damaged status Withdrawn status Shelving location Source of classification or shelving scheme
General BookCentral Library, BUET 1Central Library, BUET 2021-09-27623.12/STE/1982110313623_120000000000000_STE_1982522014-10-222014-10-222021-09-27   Circulation section 
General BookCentral Library, BUET 2Central Library, BUET  623.12/STE/198269178623_120000000000000_STE_1982 2015-02-102015-02-102015-02-10   Circulation section 
General BookCentral Library, BUET23Central Library, BUET 2021-08-31623.12/STE/198278208 623_120000000000000_STE_1982222015-02-112015-02-112021-08-31   Circulation section 
Reading ItemCentral Library, BUET 4Central Library, BUET  623.12/STE/198267386623_120000000000000_STE_1982 2015-06-242015-06-242015-06-24   Reading section 
Reading ItemCentral Library, BUET 5Central Library, BUET  623.12/STE/198267384623_120000000000000_STE_1982 2015-06-242015-06-242015-06-24   Reading section 
Reading ItemCentral Library, BUET 6Central Library, BUET  623.12/STE/198267385623_120000000000000_STE_1982 2015-06-242015-06-242015-06-24   Reading section 
Reading ItemCentral Library, BUET 7Central Library, BUET  623.12/STE/198263905623_120000000000000_STE_1982 2015-06-242015-06-242015-06-24   Reading section 
Reading ItemCentral Library, BUET 8Central Library, BUET  623.12/STE/198263906623_120000000000000_STE_1982 2015-06-252015-06-252015-06-25   Reading section 
Reading ItemCentral Library, BUET 9Central Library, BUET  623.12/STE/198263907623_120000000000000_STE_1982 2015-06-252015-06-252015-06-25   Reading section 
Reading ItemCentral Library, BUET 10Central Library, BUET  623.12/STE/198263908623_120000000000000_STE_1982 2015-06-282015-06-282015-06-28   Reading section